Cómo trabajar en equipo

Salvato in:
Dettagli Bibliografici
Autore principale: Borrell i Carrió, Francesc (Autore)
Natura: Libro
Lingua:spagnolo
Pubblicazione: Barcelona Gestión 2000 2004
Edizione:1a. ed
Soggetti:
Tags: Aggiungi Tag
Nessun Tag, puoi essere il primo ad aggiungerne!!

MARC

LEADER 00000nam a2200000 a 4500
001 UCI5011
003 CL-VaPUC
008 080311e20040000SP |||||||||||||||||spa|d
020 |a 8480889705 
082 0 4 |a 658.3128  |b BOR  |2 21 
100 0 |a Borrell i Carrió, Francesc  |e author  |9 527044 
245 1 0 |a Cómo trabajar en equipo 
250 |a 1a. ed 
300 |a 252 p 
942 |c BK 
945 |d 20080311 00:00:00  |a cmena 
260 |a Barcelona  |b Gestión 2000  |c 2004 
650 0 |a Administración del personal  |9 260442 
650 0 |a Planificación estratégica   |9 259735 
650 7 |a EQUIPOS DE TRABAJO  |2 CL-VaPUC  |9 384715 
650 0 |a Relaciones interpersonales  |9 307056 
650 0 |a Motivación   |9 315362 
583 |a last modification  |c 20080311 00:00:00  |k Rodrigo Vera 
999 |c 328778  |d 328776